Statistics for Satellite Images - The United Kingdom

Click here to take the quiz!

General Stats

  • This quiz has been taken 22,239 times
  • The average score is 10 of 16

Answer Stats

Answer% Correct
London
99%
Wales
97%
English Channel
96%
Isle of Man
87%
Cornwall
71%
Isle of Wight
70%
Shetland Islands
62%
{Lake} District
57%
Kent
54%
Orkney Islands
52%
Outer Hebrides
52%
Humber
40%
Anglesey
36%
River Mersey
35%
Belfast
29%
Cardiff
25%

Score Distribution

Percentile by Number Answered

Percent of People with Each Score

Your Score History

You have not taken this quiz